000 00922nam a2200265Ia 4500
008 191130s2008##################000#0#eng##
020 _a9781584350675
022 _a2008300566
040 _aACL
_cACL
082 _a338.542 MAR
100 _aMarazzi, Christian
245 _aCapital and language : from the new economy to the war economy
_cChristian Marazzi ; introduction by Michael Hardt ; translated by Gregory Conti
260 _aLos Angeles, CA ; Cambridge, Mass
_bDistributed by the MIT Press, Semiotext(e)
_cc2008
300 _a165 p. ; 23 cm
500 _aIncludes bibliographical references (p. 159-165)
650 _aBusiness cycles
650 _aCapitalism
650 _aCredit
650 _aGlobalization - Economic aspects
650 _aInformation society - Economic aspects
650 _aNeoliberalism
990 _a2ae2ecf0ac10000c4a773b10b1754e2c
991 _a48602
999 _c123676
_d123676